000 00347nam a22001697a 4500
003 UA-OsUOA
001 3727
007 ta
008 20050721b un ||||| |||| 00| 0 ukr d
100 _aUlam
700 _aA. B.
942 _cBK
040 _aUA-OsUOA
_cUA-OsUOA
_dUA-OsUOA
245 _aIn the Name of the People
955 _a2
650 7 _2UDC
999 _c289889
_d289889